Los paises menos poblados de África - Estadísticas

Estadísticas generales
  • Esta prueba ha sido intentada 28 veces
  • La puntuación promedio es 13 de 15
Estadísticas de respuestas
Habitantes País % Correcto
522.331 Cabo Verde
100%
850.387 Comoras
96%
2.311.472 Lesoto
96%
119.773 Seychelles
96%
1.152.944 Yibuti
96%
2.153.339 Guinea Bissau
92%
230.871 Santo Tomé y Príncipe
92%
1.230.506 Esuatini
88%
1.847.549 Guinea Ecuatorial
88%
2.697.845 Gambia
84%
1.261.041 Mauricio
84%
3.470.390 Eritrea
80%
2.484.789 Gabón
76%
2.963.095 Namibia
72%
2.480.244 Botsuana
68%
No se encontraron pruebas coincidentes
Distribución de puntuación
Porcentaje de gente con cada puntuación
Porcentaje por número respondido
Historial de tus puntuaciones
No has intentado esta prueba.